000
00455nam a2200169Ia 4500
008
090711s9999 xx 000 0 und d
082
_b
62843
100
_a
सोमण अंजली
245
_a
तिमिर भेद
260
_c
1989
300
_a
113
600
_a
सोमण अंजली
630
_a
तिमिर भेद
700
_a
सोमण अंजली
730
_a
तिमिर भेद
942
_c
BOOK
999
_c
286984
_d
286984